000 01458nam a2200361 c 4500
003 BLK
005 20221125095728.0
008 180411b bul|||||r ||||||| ||bul||
010 _aKNG00185583000
020 _a978-954-769-334-0
_bиздат.: Обсидиан
040 _aBLK
041 _aBUL
_cBUL
072 7 _2bullib
_aН83
_xЧужда художествена литература Н
080 _aАмериканска литература (на САЩ)
_b821.111(73)
_x-312.4
_z821.111(73)-312.4
700 1 _aПаркър, Робърт Браун
_eпо
_9368180
100 1 _aАткинс, Ейс
_eпърви автор
_9323641
700 1 _aЛаптев, Веселин Иванов
_eпрев. от англ.
_9364314
139 _aАткинс, Ейс
_bА 93
245 1 0 _aХазарт
_bРоман
_cпо Робърт Браун Паркър; Ейс Аткинс; прев. от англ. Веселин Иванов Лаптев.
257 _aUSA
260 София
_bОбсидиан
_c2013
_fКостинброд : Мултипринт
300 _a320 с.
_c20 см
380 _aX
500 _aОриг. загл. Robert B. Parker's Wonderland / Ace Atkins.
653 _aкрими
653 _aромани
659 _aН
852 _aЦб 278660
856 4 _qpdf
_u
856 4 _qpdf
_u
942 _cKNG
_n0
_054
944 _aCR
_c15.12.2015
_lф /
_kВиолета_Тройчева
944 _aED
_c14.06.2016
_lф /
_kВиолета_Тройчева
999 _c176949
_d176949